Péče o klienty s demencí v nemocničním prostředí

Saved in:
Bibliographic Details
Main Author Plášková, Marie (Dissertant)
Other Authors Topičová, Petra (Thesis advisor)
Format Manuscript Book
LanguageCzech
Published 2009
Subjects
Online AccessPlný text v Digitální knihovně UTB
Physical Description117 s.

Cover

LEADER 00000ntm a22000007u 4500
001 zp10871
041 |a cze 
100 1 |a Plášková, Marie  |4 dis 
245 1 0 |a Péče o klienty s demencí v nemocničním prostředí 
246 |a Care of clients with dementia in hospital environment 
260 |c 2009 
300 |a 117 s. 
500 |a Studijní obor: Všeobecná sestra 
500 |a Studijní obor: General Nurse 
500 |a Ústav: Ústav ošetřovatelství 
500 |a Univerzita Tomáše Bati ve Zlíně. Fakulta humanitních studií 
500 |a Tomas Bata University in Zlín. Faculty of Humanities 
506 |a Bez omezení 
653 |a demence 
653 |a péče 
653 |a nemocnice 
653 |a omezující prostředky 
653 |a dotazník 
653 |a hypotézy 
653 |a dementia 
653 |a care 
653 |a hospital 
653 |a restrictive instruments 
653 |a questionnaire 
653 |a hypotheses 
655 4 |a bakalářská práce 
700 1 |a Topičová, Petra  |4 ths 
710 2 |a Univerzita Tomáše Bati ve Zlíně. Fakulta humanitních studií  |4 dgg 
710 2 |a Tomas Bata University in Zlín. Faculty of Humanities  |4 dgg 
856 4 0 |u http://hdl.handle.net/10563/9465  |y Plný text v Digitální knihovně UTB